Т. 4: Методы и схемы регистрации ядерных частиц и электрических импульсов; Труды шестой научно-технической конференции по ядерной радиоэлектронике, 24-29 февраля 1964 г., г. Москва

Dades bibliogràfiques
Parent link:Труды шестой научно-технической конференции по ядерной радиоэлектронике, 24-29 февраля 1964 г., г. Москва: в 4 т./ под ред. К. Э. Эрглиса. Т. 4: Методы и схемы регистрации ядерных частиц и электрических импульсов.— , 1964 -1966
Idioma:rus
Publicat: 1966
Matèries:
Format: MixedMaterials Llibre
KOHA link:https://koha.lib.tpu.ru/cgi-bin/koha/opac-detail.pl?biblionumber=259714

MARC

LEADER 00000nam2a2200000 4500
001 259714
005 20231101233418.0
035 |a (RuTPU)RU\TPU\book\282660 
035 |a RU\TPU\book\82338 
090 |a 259714 
100 |a 20140512d1966 k y0rusy50 ca 
101 0 |a rus 
102 |a RU 
105 |a a z 101zy 
200 0 |a Т. 4: Методы и схемы регистрации ядерных частиц и электрических импульсов 
210 |d 1966 
215 |a 151 с.  |c ил. 
320 |a Библиогр. в конце докл. 
461 1 |0 (RuTPU)RU\TPU\book\94792  |t Труды шестой научно-технической конференции по ядерной радиоэлектронике, 24-29 февраля 1964 г., г. Москва  |o в 4 т.  |f под ред. К. Э. Эрглиса  |v Т. 4: Методы и схемы регистрации ядерных частиц и электрических импульсов  |d 1964 -1966 
606 1 |a Ядерная радиоэлектроника  |2 stltpush  |3 (RuTPU)RU\TPU\subj\21557  |9 46521 
610 1 |a ядерные частицы 
610 1 |a электрические импульсы 
610 1 |a регистрация 
610 1 |a методы 
610 1 |a схемы 
610 1 |a люминисцентная камера 
610 1 |a изотропная камера 
610 1 |a детекторы 
610 1 |a транзисторные усилители 
610 1 |a линейный пропускатель 
610 1 |a осциллографы 
675 |a 539.1.075(063)  |v 3 
801 1 |a RU  |b 63413507  |c 20050504  |g PSBO 
801 2 |a RU  |b 63413507  |c 20220316  |g PSBO 
942 |c BK